| 000 | 01086cam a22002775a 4500 | ||
|---|---|---|---|
| 001 | 14822530 | ||
| 005 | 20201128023548.0 | ||
| 008 | 070425t2008 njua frb 001 0 eng d | ||
| 020 | _a9780471745822 (hbk.) | ||
| 040 |
_aDLC _beng _cDLC _dBTCTA _dBAKER _dYDXCP _dUKM _dC#P _dDLC _dEG-ScBUE _dEG-ScBUE |
||
| 082 | 0 | 4 |
_a620.11297 _bMAR _222 |
| 100 | 1 |
_aMarqués, Ricardo, _d1954- _938738 |
|
| 245 | 1 | 0 |
_aMetamaterials with negative parameters : _btheory, design and microwave applications / _cRicardo Marqués, Ferran Martín, Mario Sorolla. |
| 260 |
_aHoboken : _bWiley-Interscience / John Wily & Sons, _cc.2008. |
||
| 300 |
_axviii, 315 p. : _bill. ; _c24 cm. |
||
| 490 | 0 | _aWiley Series in Microwave and Optical Engineering | |
| 500 | _aindex : p. 309-315. | ||
| 504 | _aIncludes bibliographical references. | ||
| 650 | 0 |
_aMicroelectronics _xMaterials. _2BUEsh _957 |
|
| 651 | _2BUEsh | ||
| 653 |
_bENGELC _cAugust2015 _cNovember2015 |
||
| 650 | 0 |
_96453 _aMagnetic materials _2BUEsh |
|
| 700 | 1 |
_aMartín, Ferran, _d1965- |
|
| 700 | 1 |
_aSorolla, Mario, _d1958- |
|
| 942 |
_2ddc _k620.11297 MAR |
||
| 999 |
_c20771 _d20743 |
||